[Event "VII Open"]
[Site "Portomannu ITA"]
[Date "2015.06.06"]
[Round "7"]
[White "Haast, Anne"]
[Black "Byron, Alan M."]
[Result "1-0"]
[ECO "B90"]
[WhiteElo "2373"]
[BlackElo "2196"]
[PlyCount "139"]
[EventDate "2015.06.06"]

1. e4 c5 2. Nf3 d6 3. d4 cxd4 4. Nxd4 Nf6 5. Nc3 a6 6. Be3 e5 7. Nb3 Be6 8. f3
h5 9. Qd2 Nbd7 10. a4 Rc8 11. a5 Qc7 12. Be2 Be7 13. O-O O-O 14. Rfc1 Qc6 15.
Rd1 Rfd8 16. Rac1 Nc5 17. Nd5 Bxd5 18. exd5 Qd7 19. Na1 e4 20. f4 Qf5 21. h3 h4
22. Qe1 Re8 23. b4 Na4 24. c4 Nb2 25. Rd2 Nd3 26. Bxd3 exd3 27. Qf1 Nh5 28.
Rxd3 Bf6 29. Nb3 Re4 30. c5 Rxb4 31. c6 bxc6 32. Rxc6 Rc4 33. Rxc8+ Rxc8 34.
Bd2 Ng3 35. Qf3 Qd7 36. Be1 Nf5 37. Bf2 Qb5 38. Kh2 g6 39. Qd1 Rc4 40. Nd4 Qxd5
41. Nxf5 Qxf5 42. Be3 Qe4 43. Qb3 Rb4 44. Qd5 Qxd5 45. Rxd5 Be7 46. Kg1 f5 47.
Kf2 Kf7 48. Kf3 Ke6 49. Rd3 Bd8 50. Bc5 dxc5 51. Rxd8 Rb5 52. Rg8 c4 53. Rxg6+
Kd5 54. Rxa6 Kd4 55. Rd6+ Kc3 56. a6 Ra5 57. g3 Kb2 58. Rb6+ Kc1 59. gxh4 c3
60. h5 c2 61. Ke2 Ra4 62. h6 Re4+ 63. Kf3 Kd2 64. Rd6+ Ke1 65. Rc6 Kd2 66. Kg3
Re3+ 67. Kh4 Rc3 68. Rxc3 Kxc3 69. h7 c1=Q 70. h8=Q+ 1-0

[Event "VII Open"]
[Site "Portomannu ITA"]
[Date "2015.06.06"]
[Round "7"]
[White "Karason, Askell O."]
[Black "Hjartarson, Johann"]
[Result "0-1"]
[ECO "A30"]
[WhiteElo "2324"]
[BlackElo "2535"]
[PlyCount "50"]
[EventDate "2015.06.06"]

1. Nf3 Nf6 2. c4 b6 3. g3 Bb7 4. Bg2 c5 5. O-O g6 6. d4 cxd4 7. Qxd4 Bg7 8. Nc3
d6 9. Rd1 Nbd7 10. Be3 O-O 11. Qh4 Rc8 12. Rac1 a6 13. b3 Re8 14. g4 b5 15. g5
Nh5 16. Nd5 bxc4 17. Rxc4 e6 18. Rxc8 Qxc8 19. Rc1 Qb8 20. Qa4 Nc5 21. Bxc5
dxc5 22. Nc7 Rc8 23. Nxa6 Qd6 24. Nb4 Nf4 25. Qb5 cxb4 0-1

[Event "VII Open"]
[Site "Portomannu ITA"]
[Date "2015.06.06"]
[Round "7"]
[White "Landa, Konstantin"]
[Black "Brunello, Sabino"]
[Result "1/2-1/2"]
[ECO "D10"]
[WhiteElo "2627"]
[BlackElo "2526"]
[PlyCount "116"]
[EventDate "2015.06.06"]

1. d4 d5 2. c4 c6 3. cxd5 cxd5 4. Bf4 Nc6 5. e3 Nf6 6. Nc3 a6 7. Bd3 Bg4 8.
Nge2 e6 9. Rc1 Bd6 10. f3 Bh5 11. O-O Bg6 12. Na4 Bxd3 13. Qxd3 Bxf4 14. Nxf4
O-O 15. Qd2 Qe7 16. Nd3 Rac8 17. Rc3 Na7 18. Rfc1 Rxc3 19. Rxc3 Rc8 20. Ne5 Nd7
21. Rxc8+ Nxc8 22. Qc3 Qd8 23. Qb4 Nxe5 24. dxe5 b6 25. Qd4 Qc7 26. Qc3 Qxc3
27. Nxc3 Kf8 28. Kf2 Ke7 29. e4 dxe4 30. Nxe4 h6 31. Ke3 Kd7 32. g4 Ne7 33. Nd6
f5 34. gxf5 exf5 35. f4 g5 36. fxg5 hxg5 37. Nf7 g4 38. Kf4 Ke6 39. Ng5+ Kd5
40. b4 a5 41. bxa5 bxa5 42. a4 Kc4 43. Ne6 Kd5 44. Nc7+ Kc6 45. Nb5 Kd5 46.
Nc7+ Kc6 47. Ne6 Kd5 48. Nd8 Ng6+ 49. Kxf5 Nxe5 50. Nb7 Nf3 51. Nxa5 Nxh2 52.
Kf4 Nf3 53. Kxg4 Ne5+ 54. Kf5 Nc6 55. Nxc6 Kxc6 56. Ke5 Kc5 57. a5 Kb5 58. Kd5
Kxa5 1/2-1/2

[Event "VII Open"]
[Site "Portomannu ITA"]
[Date "2015.06.06"]
[Round "7"]
[White "Olafsson, Fridrik"]
[Black "Diotallevi, Maurizio"]
[Result "1-0"]
[ECO "D36"]
[WhiteElo "2397"]
[BlackElo "2037"]
[PlyCount "57"]
[EventDate "2015.06.06"]

1. d4 d5 2. c4 e6 3. Nc3 Nf6 4. cxd5 exd5 5. Bg5 Be7 6. e3 c6 7. Bd3 Nbd7 8.
Qc2 Nf8 9. Nf3 Ne6 10. Bh4 g6 11. h3 Ng7 12. g4 Nd7 13. Bxe7 Qxe7 14. O-O-O Nb6
15. Kb1 Be6 16. Ne5 O-O-O 17. f4 f5 18. Na4 Nxa4 19. Qxa4 Kb8 20. Rc1 Rc8 21.
Rc3 Ne8 22. Rhc1 Nd6 23. Ra3 Nc4 24. Bxc4 dxc4 25. Qxa7+ Kc7 26. Qa5+ Kb8 27.
b3 cxb3 28. Qa7+ Kc7 29. Rxc6+ 1-0

[Event "VII Open"]
[Site "Portomannu ITA"]
[Date "2015.06.06"]
[Round "7"]
[White "Rombaldoni, Axel"]
[Black "Petursson, Margeir"]
[Result "1-0"]
[ECO "D70"]
[WhiteElo "2502"]
[BlackElo "2529"]
[PlyCount "145"]
[EventDate "2015.06.06"]

1. d4 d5 2. c4 c6 3. Nf3 Nf6 4. Nbd2 g6 5. e3 Bg7 6. Be2 O-O 7. O-O Nbd7 8. Qc2
b6 9. e4 dxe4 10. Nxe4 Qc7 11. Nxf6+ Nxf6 12. Ne5 Bf5 13. Qa4 Rac8 14. Bf4 b5
15. Qa3 Qb6 16. Rfd1 bxc4 17. Nxc4 Qb7 18. Na5 Qb6 19. Nc4 Qb7 20. Na5 Qb6 21.
Rac1 Nd5 22. Bg3 Rfd8 23. Rc4 Bf8 24. Rc5 e6 25. Nc4 Bxc5 26. dxc5 Qb4 27. Qxb4
Nxb4 28. Nd6 Ra8 29. a3 Nd5 30. Nb7 Re8 31. Na5 Bc2 32. Rc1 Ba4 33. Ba6 e5 34.
b3 Bb5 35. Bb7 Rad8 36. h3 Nf4 37. Bxf4 exf4 38. a4 Be2 39. Bxc6 Re5 40. b4
Rd1+ 41. Rxd1 Bxd1 42. Nc4 Re1+ 43. Kh2 Bb3 44. Nd6 Kf8 45. a5 Ra1 46. Bb7 Ra4
47. c6 Rxb4 48. c7 Be6 49. a6 Ke7 50. c8=Q Bxc8 51. Nxc8+ Kd8 52. Nxa7 Kc7 53.
Nc8 Ra4 54. Ne7 g5 55. Nd5+ Kb8 56. Nf6 h6 57. Ng4 h5 58. Nh6 f6 59. Ng8 f5 60.
Ne7 Ra2 61. Nxf5 Rxf2 62. Bf3 Ra2 63. Bxh5 Rxa6 64. h4 gxh4 65. Kh3 Kc7 66.
Kxh4 Kd7 67. Kg5 Ra4 68. Bf3 Ke6 69. Nh4 Ke5 70. Ng6+ Kd4 71. Kxf4 Ra6 72. Nh4
Rf6+ 73. Nf5+ 1-0

[Event "VII Open"]
[Site "Portomannu ITA"]
[Date "2015.06.06"]
[Round "7"]
[White "Schaefer, Michael"]
[Black "De Jong-Muhren, Bianca"]
[Result "0-1"]
[ECO "D28"]
[WhiteElo "2165"]
[BlackElo "2365"]
[PlyCount "62"]
[EventDate "2015.06.06"]

1. d4 d5 2. Nf3 Nf6 3. c4 dxc4 4. e3 e6 5. Bxc4 a6 6. Qe2 c5 7. dxc5 Bxc5 8.
O-O O-O 9. e4 Nc6 10. Nc3 Ng4 11. e5 Nd4 12. Qe4 Nxf3+ 13. gxf3 f5 14. Qe2 Nh6
15. Be3 Qc7 16. Bxc5 Qxc5 17. Bb3 b5 18. Rac1 Qe7 19. f4 Bb7 20. Qe3 Rac8 21.
f3 Nf7 22. Ne2 g5 23. Nd4 gxf4 24. Qxf4 Kh8 25. Bxe6 Rxc1 26. Rxc1 Ng5 27. Kf1
Nxe6 28. Nxe6 Qxe6 29. Rc5 Bd5 30. Qd4 Bxf3 31. Kf2 Be4 0-1

[Event "VII Open"]
[Site "Portomannu ITA"]
[Date "2015.06.06"]
[Round "7"]
[White "Spence, David J."]
[Black "Blasco, Domenico"]
[Result "0-1"]
[ECO "B06"]
[WhiteElo "2246"]
[BlackElo "1925"]
[PlyCount "88"]
[EventDate "2015.06.06"]

1. e4 g6 2. d4 Bg7 3. Nc3 a6 4. a4 b6 5. Nf3 d6 6. Be3 Nd7 7. Bd3 e6 8. O-O Ne7
9. Qd2 h6 10. Rfe1 Bb7 11. d5 e5 12. g3 Nf6 13. h3 g5 14. Nh2 Ng6 15. Ng4 Bc8
16. Nxf6+ Qxf6 17. Bf1 O-O 18. Bg2 Nf4 19. g4 Bd7 20. f3 Qe7 21. a5 b5 22. Na2
Bf6 23. Nb4 Kg7 24. Kf2 Rfc8 25. b3 Qe8 26. c4 Be7 27. Bf1 bxc4 28. bxc4 Rcb8
29. Qc3 h5 30. Kg1 hxg4 31. fxg4 Qh8 32. Bxf4 gxf4 33. c5 Bb5 34. cxd6 Bxd6 35.
Nd3 Bxd3 36. Qxd3 Bc5+ 37. Kh1 Qh4 38. Re2 Rb5 39. Rc2 Rab8 40. Qe2 Bd4 41. Rd1
Rb3 42. Rd3 Rxd3 43. Qxd3 Qe1 44. Kg2 Be3 0-1

[Event "VII Open"]
[Site "Portomannu ITA"]
[Date "2015.06.06"]
[Round "7"]
[White "Tischbierek, Raj"]
[Black "Sonis, Francesco"]
[Result "1/2-1/2"]
[ECO "A08"]
[WhiteElo "2442"]
[BlackElo "2241"]
[PlyCount "36"]
[EventDate "2015.06.06"]

1. e4 e6 2. d3 d5 3. Nd2 c5 4. Ngf3 Nc6 5. g3 g6 6. Bg2 Bg7 7. O-O Nge7 8. Re1
b6 9. c3 Bb7 10. h4 h6 11. Qe2 Qc7 12. exd5 Nxd5 13. Ne4 O-O 14. c4 Nde7 15.
Bf4 e5 16. Bd2 Nf5 17. Bc3 Nfd4 18. Bxd4 Nxd4 1/2-1/2

[Event "VII Open"]
[Site "Portomannu ITA"]
[Date "2015.06.06"]
[Round "7"]
[White "Vogt, Lothar H."]
[Black "Esposito, Luca"]
[Result "1/2-1/2"]
[ECO "B08"]
[WhiteElo "2408"]
[BlackElo "2220"]
[PlyCount "39"]
[EventDate "2015.06.06"]

1. e4 d6 2. d4 Nf6 3. Nc3 g6 4. Nf3 Bg7 5. h3 O-O 6. Be3 c6 7. a4 Qc7 8. Qd2
Nbd7 9. Rd1 Re8 10. Be2 e5 11. dxe5 dxe5 12. O-O Bf8 13. Bc4 Nc5 14. Ng5 Ne6
15. Qe2 Nh5 16. Qf3 Nhf4 17. Nxe6 Bxe6 18. Bxe6 Nxe6 19. Rd3 Rad8 20. Rfd1
1/2-1/2

[Event "VII Open"]
[Site "Portomannu ITA"]
[Date "2015.06.06"]
[Round "8"]
[White "Beshukov, Sergei"]
[Black "Tischbierek, Raj"]
[Result "1/2-1/2"]
[ECO "D94"]
[WhiteElo "2385"]
[BlackElo "2442"]
[PlyCount "149"]
[EventDate "2015.06.06"]

1. c4 c6 2. Nf3 d5 3. e3 Nf6 4. Nc3 g6 5. d4 Bg7 6. Bd3 O-O 7. O-O Bg4 8. h3
Bxf3 9. Qxf3 e6 10. Rd1 Nbd7 11. b3 Re8 12. Bb2 Qe7 13. Qe2 a6 14. Rac1 Rac8
15. Re1 Red8 16. Bb1 Re8 17. Red1 Red8 18. Rd2 h5 19. Rdd1 Re8 20. Kh1 Red8 21.
a3 Re8 22. Re1 Red8 23. Qf3 Re8 24. Red1 Rcd8 25. Qg3 Rc8 26. e4 dxe4 27. Bxe4
Nxe4 28. Nxe4 Red8 29. c5 Nf6 30. Nd6 Rb8 31. Bc3 Nd5 32. b4 Qc7 33. Qf3 Rxd6
34. cxd6 Qxd6 35. Bb2 Rd8 36. Rc2 Ne7 37. Rcd2 Qd5 38. Qxd5 Rxd5 39. Rd3 h4 40.
g4 hxg3 41. fxg3 Nf5 42. g4 Nd6 43. Kg2 a5 44. bxa5 Rxa5 45. Rb3 b5 46. Bc3 Ra8
47. Bb4 Nc4 48. Kf3 Rd8 49. Bc5 Rd5 50. a4 bxa4 51. Rb4 Ne5+ 52. Ke2 Nd7 53.
Rc1 e5 54. Ba7 a3 55. Ra4 exd4 56. Rxc6 d3+ 57. Kd1 Bb2 58. Be3 Ne5 59. Rc8+
Kg7 60. Rc7 g5 61. Bxg5 Nf3 62. Bd2 Kg6 63. Ra6+ f6 64. Raa7 Nxd2 65. Kxd2 Kg5
66. Rh7 Kf4 67. Rh5 Rd8 68. Rf5+ Kg3 69. g5 Bc3+ 70. Kxc3 d2 71. Rf1 d1=Q 72.
Rxd1 Rxd1 73. gxf6 Rf1 74. Rxa3 Rxf6 75. Kd4+ 1/2-1/2

[Event "VII Open"]
[Site "Portomannu ITA"]
[Date "2015.06.06"]
[Round "8"]
[White "Brunello, Sabino"]
[Black "Haast, Anne"]
[Result "1-0"]
[ECO "D20"]
[WhiteElo "2526"]
[BlackElo "2373"]
[PlyCount "103"]
[EventDate "2015.06.06"]

1. d4 d5 2. c4 dxc4 3. e4 Nc6 4. Nf3 Bg4 5. d5 Ne5 6. Bf4 Ng6 7. Be3 e5 8. Bxc4
Bd6 9. Be2 Nf6 10. Nc3 O-O 11. O-O Qe7 12. Nd2 Bxe2 13. Qxe2 Bc5 14. Bxc5 Qxc5
15. Rac1 Qe7 16. g3 Rfd8 17. Nc4 Rac8 18. Ne3 c6 19. Rfd1 cxd5 20. Ncxd5 Nxd5
21. Nxd5 Qe6 22. Kg2 h6 23. Rxc8 Rxc8 24. h3 Ne7 25. Qb5 b6 26. Nxe7+ Qxe7 27.
Rd7 Qf6 28. Qd3 Ra8 29. Qd5 Rc8 30. Qd3 Ra8 31. a4 g6 32. h4 h5 33. b3 Kg7 34.
Qd5 Rc8 35. Qd3 Ra8 36. b4 Kg8 37. a5 bxa5 38. bxa5 Rb8 39. Rxa7 Rb2 40. Qe3
Kg7 41. Rd7 Qc6 42. Rd5 Rb1 43. Rxe5 Qc4 44. Rd5 Qf1+ 45. Kf3 Re1 46. Qd3 Qh1+
47. Kf4 Kh6 48. Qd4 f6 49. Qb4 Rd1 50. Qf8+ Kh7 51. Qf7+ Kh6 52. Rg5 1-0

[Event "VII Open"]
[Site "Portomannu ITA"]
[Date "2015.06.06"]
[Round "8"]
[White "De Jong, Jan-Willem"]
[Black "Esposito, Luca"]
[Result "1-0"]
[ECO "D15"]
[WhiteElo "2449"]
[BlackElo "2220"]
[PlyCount "73"]
[EventDate "2015.06.06"]

1. d4 d5 2. c4 c6 3. Nc3 Nf6 4. e3 a6 5. Nf3 b5 6. b3 Bg4 7. Be2 e6 8. h3 Bh5
9. g4 Bg6 10. Ne5 Bd6 11. h4 Ne4 12. Nxe4 Bxe4 13. f3 f6 14. Nxc6 Nxc6 15. fxe4
dxe4 16. Bb2 bxc4 17. Bxc4 Nb4 18. Ke2 Nd3 19. Bxd3 exd3+ 20. Qxd3 O-O 21. h5
Qd7 22. Rac1 f5 23. h6 fxg4 24. hxg7 Qxg7 25. Qe4 Qg6 26. Qxg6+ hxg6 27. e4 g3
28. Rhf1 Bf4 29. Rc6 g5 30. Rxe6 Rac8 31. Kd3 Rf7 32. d5 Rfc7 33. Be5 Rc1 34.
Rxf4 gxf4 35. Bxf4 R8c3+ 36. Kd4 Rf3 37. Bxc1 1-0

[Event "VII Open"]
[Site "Portomannu ITA"]
[Date "2015.06.06"]
[Round "8"]
[White "De Jong-Muhren, Bianca"]
[Black "Van Randtwijk, Mick"]
[Result "1-0"]
[ECO "B23"]
[WhiteElo "2365"]
[BlackElo "1794"]
[PlyCount "47"]
[EventDate "2015.06.06"]

1. e4 c5 2. Nc3 Nc6 3. Bb5 Nd4 4. Bc4 e6 5. Nge2 Nf6 6. O-O d5 7. exd5 exd5 8.
Nxd5 Nxd5 9. Nxd4 cxd4 10. Qh5 Be6 11. Re1 Nf4 12. Bb5+ Ke7 13. Qg5+ f6 14.
Qxf4 Kf7 15. d3 a6 16. Rxe6 axb5 17. Re4 Bd6 18. Qf5 Bc7 19. Qe6+ Kf8 20. Bd2
Bd6 21. Rae1 Bc5 22. a3 g5 23. Bxg5 fxg5 24. Qf5+ 1-0

[Event "VII Open"]
[Site "Portomannu ITA"]
[Date "2015.06.06"]
[Round "8"]
[White "Friedrich, Norbert"]
[Black "Palladin, Timur"]
[Result "1-0"]
[ECO "B39"]
[WhiteElo "2307"]
[BlackElo "1957"]
[PlyCount "145"]
[EventDate "2015.06.06"]

1. e4 c5 2. Nf3 Nc6 3. d4 cxd4 4. Nxd4 g6 5. c4 Bg7 6. Be3 Nf6 7. Nc3 Ng4 8.
Qxg4 Nxd4 9. Qd1 Nc6 10. Qd2 d6 11. Be2 Be6 12. O-O O-O 13. f4 Qd7 14. Rad1
Rad8 15. Nd5 f5 16. Bf3 fxe4 17. Bxe4 Bf5 18. Bf3 e5 19. Rde1 Kh8 20. Bd1 exf4
21. Bxf4 Ne5 22. b3 Rf7 23. Bc2 Rdf8 24. Bxf5 Qxf5 25. Qe2 Qd3 26. Bxe5 Rxf1+
27. Rxf1 Rxf1+ 28. Qxf1 Qxf1+ 29. Kxf1 Bxe5 30. h3 Kg7 31. Ke2 Kf7 32. Kd3 Ke6
33. Ke4 Bg3 34. Nc7+ Kd7 35. Nb5 a6 36. Nd4 Be5 37. Nf3 Bf6 38. Kd5 Be7 39. Nd2
b6 40. Ne4 h6 41. g4 a5 42. a3 h5 43. gxh5 gxh5 44. Ng3 h4 45. Nf5 Bg5 46. Nxd6
Be3 47. Nf5 Bg5 48. Ke5 Kc6 49. Nd4+ Kd7 50. Nf3 Be7 51. Kd5 Bd8 52. Ne5+ Kc7
53. Ng6 Bg5 54. Nf8 Be7 55. Ne6+ Kd7 56. c5 bxc5 57. Nxc5+ Kc7 58. a4 Kb6 59.
Nd7+ Kb7 60. Ne5 Bf6 61. Nf3 Kb6 62. Ke6 Bd8 63. Kd7 Bf6 64. Kd6 Bd8 65. Nd2
Bg5 66. Nc4+ Ka6 67. Kc6 Be7 68. Nd6 Bg5 69. Ne4 Be3 70. Nc5+ Ka7 71. Kb5 Bd2
72. Nd7 Bc3 73. Nb6 1-0

[Event "VII Open"]
[Site "Portomannu ITA"]
[Date "2015.06.06"]
[Round "8"]
[White "Grinblat, Artemiy"]
[Black "Vogt, Lothar H."]
[Result "1/2-1/2"]
[ECO "B22"]
[WhiteElo "2191"]
[BlackElo "2408"]
[PlyCount "44"]
[EventDate "2015.06.06"]

1. e4 c5 2. c3 d5 3. exd5 Qxd5 4. d4 e6 5. Nf3 Nf6 6. Na3 Be7 7. Nb5 Na6 8. c4
Qd8 9. Be2 O-O 10. O-O Bd7 11. Be3 cxd4 12. Bxd4 Nc5 13. Nc3 Qb6 14. Qc2 Rfd8
15. Rfd1 Be8 16. Rab1 a5 17. h3 h6 18. Be3 Qc7 19. Nd4 Qe5 20. Nf3 Qc7 21. Nd4
Qe5 22. Nf3 Qc7 1/2-1/2

[Event "VII Open"]
[Site "Portomannu ITA"]
[Date "2015.06.06"]
[Round "8"]
[White "Hjartarson, Johann"]
[Black "Landa, Konstantin"]
[Result "0-1"]
[ECO "A37"]
[WhiteElo "2535"]
[BlackElo "2627"]
[PlyCount "98"]
[EventDate "2015.06.06"]

1. c4 c5 2. Nc3 g6 3. g3 Bg7 4. Bg2 Nc6 5. Nf3 d6 6. O-O Bf5 7. d3 Qd7 8. Re1
Bh3 9. Bh1 h6 10. a3 Nf6 11. Rb1 Ng4 12. e3 O-O 13. Qe2 e5 14. b4 f5 15. Nd5 g5
16. Nd2 Rae8 17. Bb2 b6 18. f3 Nf6 19. f4 gxf4 20. gxf4 Ne7 21. Nxf6+ Rxf6 22.
Bf3 Rg6+ 23. Kh1 exf4 24. exf4 Bxb2 25. Rxb2 Kf8 26. Qf2 Bg4 27. Bg2 Re6 28.
Rxe6 Qxe6 29. Nf1 Ng6 30. h3 Bd1 31. Kh2 Qe1 32. Ng3 Qxf2 33. Rxf2 Nh4 34. Rd2
Bf3 35. Bf1 Re1 36. bxc5 dxc5 37. d4 cxd4 38. Rxd4 Ra1 39. Rd8+ Ke7 40. Rh8
Ra2+ 41. Kg1 h5 42. c5 bxc5 43. Rh7+ Kd6 44. Rxa7 c4 45. Ra6+ Kc5 46. Ra5+ Kd4
47. Ra4 Bd5 48. Ne2+ Ke3 49. Ra5 Be4 0-1

[Event "VII Open"]
[Site "Portomannu ITA"]
[Date "2015.06.06"]
[Round "8"]
[White "Kuipers, Stefan"]
[Black "Hill, Alistair"]
[Result "1/2-1/2"]
[ECO "B31"]
[WhiteElo "2409"]
[BlackElo "2121"]
[PlyCount "43"]
[EventDate "2015.06.06"]

1. e4 c5 2. Nf3 Nc6 3. Bb5 g6 4. Bxc6 bxc6 5. O-O Bg7 6. Re1 Nh6 7. h3 f5 8. e5
Nf7 9. c3 O-O 10. d4 cxd4 11. cxd4 c5 12. d5 d6 13. e6 Ne5 14. Nc3 Ba6 15. Nxe5
Bxe5 16. Bh6 Bg7 17. Bxg7 Kxg7 18. Qd2 Rb8 19. Rab1 Rb4 20. b3 Kg8 21. Red1 Qc7
22. Qb2 1/2-1/2

[Event "VII Open"]
[Site "Portomannu ITA"]
[Date "2015.06.06"]
[Round "8"]
[White "Kyrkjebo, Hanna B."]
[Black "Glienke, Manfred"]
[Result "0-1"]
[ECO "C41"]
[WhiteElo "1785"]
[BlackElo "2286"]
[PlyCount "118"]
[EventDate "2015.06.06"]

1. e4 d6 2. d4 Nf6 3. Nc3 e5 4. Nf3 Nbd7 5. Bc4 Be7 6. O-O O-O 7. Re1 c6 8. a4
Qc7 9. Bb3 a5 10. h3 b6 11. d5 c5 12. Nb5 Qd8 13. Bc4 Ne8 14. Bd3 Nc7 15. Nxc7
Qxc7 16. b3 f6 17. Qe2 Rf7 18. c3 Nf8 19. Qc2 Bd7 20. Bd2 Ng6 21. Nh2 Raf8 22.
Rec1 f5 23. f3 Qd8 24. b4 Bg5 25. bxa5 bxa5 26. c4 Bxd2 27. Qxd2 Nf4 28. Kh1
Qg5 29. Rd1 Rb8 30. Bf1 Rb4 31. Qc3 Qg3 32. Qe1 Qxe1 33. Rxe1 Rf8 34. Reb1 Rfb8
35. Rxb4 Rxb4 36. exf5 Bxf5 37. Ng4 Bd7 38. Nf2 Kf7 39. Ne4 Ke7 40. Nc3 Nh5 41.
Kh2 Nf6 42. Be2 Bf5 43. Nd1 Nd7 44. g4 Bg6 45. h4 h6 46. Kg3 Nb6 47. Ne3 Rxa4
48. Rxa4 Nxa4 49. Bd1 Nb2 50. Bb3 Bb1 51. Nd1 Nxd1 52. Bxd1 Ba2 53. f4 Bxc4 54.
fxe5 dxe5 55. Kf3 Bxd5+ 56. Ke3 g5 57. hxg5 hxg5 58. Kd3 e4+ 59. Ke3 Kd6 0-1

[Event "VII Open"]
[Site "Portomannu ITA"]
[Date "2015.06.06"]
[Round "8"]
[White "Petursson, Margeir"]
[Black "Gerola, Fausto"]
[Result "1-0"]
[ECO "A10"]
[WhiteElo "2529"]
[BlackElo "2148"]
[PlyCount "83"]
[EventDate "2015.06.06"]

1. c4 f5 2. g3 Nf6 3. Bg2 g6 4. Nc3 Bg7 5. e3 O-O 6. Nge2 d6 7. O-O c6 8. b3 e5
9. Ba3 Re8 10. Rc1 Be6 11. d4 Bf7 12. d5 c5 13. e4 fxe4 14. Qd2 a6 15. Bb2 Nbd7
16. h3 Qe7 17. g4 Reb8 18. Ng3 b5 19. g5 Nh5 20. Nxh5 gxh5 21. Nxe4 Bg6 22.
Rce1 bxc4 23. f4 Rf8 24. bxc4 Rab8 25. Ba1 Rb4 26. Nf6+ Bxf6 27. gxf6 Rxf6 28.
fxe5 Rxf1+ 29. Bxf1 dxe5 30. d6 Qh4 31. Bg2 Bf7 32. Bxe5 Rxc4 33. Ba1 Rc2 34.
Qe3 Rxa2 35. Bc6 Nf8 36. Qe5 Rxa1 37. Rxa1 Ng6 38. Qe3 Nf4 39. Kh2 Be6 40. d7
Bxh3 41. Qg3+ Qxg3+ 42. Kxg3 1-0

[Event "VII Open"]
[Site "Portomannu ITA"]
[Date "2015.06.06"]
[Round "8"]
[White "Primavera, Federico"]
[Black "Karason, Askell O."]
[Result "0-1"]
[ECO "B20"]
[WhiteElo "2103"]
[BlackElo "2324"]
[PlyCount "63"]
[EventDate "2015.06.06"]

1. e4 c5 2. b3 Nc6 3. Bb2 d6 4. Bb5 Bd7 5. Nc3 Nf6 6. f4 a6 7. Bxc6 Bxc6 8. Qe2
e6 9. Nf3 b5 10. e5 dxe5 11. fxe5 Nd5 12. O-O Be7 13. Rad1 Qc7 14. Ne4 O-O 15.
Nfg5 Bxg5 16. Nxg5 h6 17. Ne4 Ne7 18. Ng3 Ng6 19. Rde1 Rad8 20. Nh5 Bb7 21. Rf2
c4 22. h4 cxb3 23. cxb3 Nxh4 24. Nf6+ gxf6 25. Qh5 Ng6 26. Qxh6 f5 27. g4 Qc5
28. Ba3 b4 29. Bxb4 Qxb4 30. gxf5 Qg4+ 31. Kf1 exf5 32. e6 0-1

[Event "VII Open"]
[Site "Portomannu ITA"]
[Date "2015.06.06"]
[Round "8"]
[White "Rombaldoni, Axel"]
[Black "Codenotti, Marco"]
[Result "1-0"]
[ECO "C65"]
[WhiteElo "2502"]
[BlackElo "2397"]
[PlyCount "101"]
[EventDate "2015.06.06"]

1. e4 e5 2. Nf3 Nc6 3. Bb5 Nf6 4. d4 Nxd4 5. Nxd4 c6 6. O-O Qb6 7. Nf5 cxb5 8.
Nc3 d6 9. a3 Nxe4 10. Nxg7+ Bxg7 11. Nxe4 O-O 12. Bg5 d5 13. Qxd5 Be6 14. Qd6
Qxd6 15. Nxd6 f6 16. Be3 Bd5 17. Rad1 Bc6 18. c3 f5 19. Bg5 Bf6 20. Bh6 Bg7 21.
Bg5 Bf6 22. Bh6 Bg7 23. Bxg7 Kxg7 24. f4 exf4 25. Rxf4 Kf6 26. Rxf5+ Kg6 27.
Re5 Rf6 28. Nxb5 Raf8 29. Nd4 Bd7 30. Nf3 Bc6 31. Nd4 Bd7 32. Rde1 R8f7 33. h3
h6 34. Kh2 Kg7 35. Ne6+ Kg8 36. Nd4 Kf8 37. R1e2 b6 38. Ne6+ Kg8 39. Nd4 Kf8
40. R5e3 Kg8 41. Re7 Rf1 42. Kg3 R1f6 43. Rxf7 Rxf7 44. Re4 Kh7 45. Rf4 Rg7+
46. Kf3 Bc8 47. g4 h5 48. Nf5 hxg4+ 49. hxg4 Bb7+ 50. Kg3 Rd7 51. Rd4 1-0

[Event "VII Open"]
[Site "Portomannu ITA"]
[Date "2015.06.06"]
[Round "8"]
[White "Sonis, Francesco"]
[Black "Gustafsson, Jan"]
[Result "0-1"]
[ECO "B13"]
[WhiteElo "2241"]
[BlackElo "2640"]
[PlyCount "100"]
[EventDate "2015.06.06"]

1. e4 c6 2. d4 d5 3. exd5 cxd5 4. Nf3 Nf6 5. Bb5+ Bd7 6. Bd3 Bg4 7. c3 Nc6 8.
Bf4 a6 9. Nbd2 e6 10. Qe2 Be7 11. a4 Bh5 12. O-O O-O 13. b4 a5 14. b5 Na7 15.
Qe3 Nc8 16. Ne5 Bg6 17. Nxg6 hxg6 18. Nf3 Nd6 19. Bxd6 Qxd6 20. Ne5 Rac8 21.
Rfc1 Rc7 22. f4 Rfc8 23. Be2 Bd8 24. Bf3 Re7 25. g3 Bb6 26. Kg2 Rec7 27. Be2
Qe7 28. g4 Rd8 29. g5 Ne8 30. Bg4 Nd6 31. Re1 Qe8 32. Qh3 Ne4 33. Ra3 Rd6 34.
Qd3 f6 35. gxf6 gxf6 36. Nf3 Qc8 37. Re3 Kg7 38. Ng1 Rd8 39. Rh3 Qd7 40. Rh4
Rh8 41. Rxh8 Kxh8 42. Qh3+ Kg7 43. Qe3 Qd6 44. Rb3 Rc4 45. Bf3 Nxc3 46. Be2
Bxd4 47. Qg3 Ne4 48. Qh4 Bf2 49. Qg4 f5 50. Qh3 Qxf4 0-1

[Event "VII Open"]
[Site "Portomannu ITA"]
[Date "2015.06.06"]
[Round "9"]
[White "Beshukova, Alina"]
[Black "Kuipers, Stefan"]
[Result "0-1"]
[ECO "D26"]
[WhiteElo "1678"]
[BlackElo "2409"]
[PlyCount "72"]
[EventDate "2015.06.06"]

1. Nf3 d5 2. d4 Nf6 3. e3 c5 4. c4 e6 5. Nc3 dxc4 6. Bxc4 a6 7. dxc5 Qxd1+ 8.
Kxd1 Bxc5 9. Ke2 b5 10. Bd3 Bb7 11. b3 Nbd7 12. Bb2 Bb6 13. b4 O-O 14. Rac1 Nd5
15. a3 Bd8 16. Ne4 Be7 17. Bd4 Rfd8 18. Nc5 Nxc5 19. Bxc5 Bf6 20. Rc2 Nc3+ 21.
Kd2 Rxd3+ 22. Kxd3 Be4+ 23. Kd2 Bxc2 24. Kxc2 Ne4 25. Rf1 Nxc5 26. bxc5 Rc8 27.
Nd4 Rxc5+ 28. Kb3 Kf8 29. Rd1 Rc4 30. Rd3 Ke7 31. Nc2 g5 32. Nd4 h5 33. g3 Bxd4
34. Rxd4 Rxd4 35. exd4 a5 36. Kc3 Kd6 0-1

[Event "VII Open"]
[Site "Portomannu ITA"]
[Date "2015.06.06"]
[Round "9"]
[White "Codenotti, Marco"]
[Black "De Jong, Jan-Willem"]
[Result "1/2-1/2"]
[ECO "C58"]
[WhiteElo "2397"]
[BlackElo "2449"]
[PlyCount "20"]
[EventDate "2015.06.06"]

1. e4 e5 2. Nf3 Nc6 3. Bc4 Nf6 4. Ng5 d5 5. exd5 Na5 6. Bb5+ c6 7. dxc6 bxc6 8.
Bd3 Nd5 9. Nf3 Bd6 10. O-O O-O 1/2-1/2

[Event "VII Open"]
[Site "Portomannu ITA"]
[Date "2015.06.06"]
[Round "9"]
[White "Glienke, Manfred"]
[Black "Tommasini, Enzo"]
[Result "1/2-1/2"]
[ECO "D45"]
[WhiteElo "2286"]
[BlackElo "2166"]
[PlyCount "50"]
[EventDate "2015.06.06"]

1. c4 e6 2. d4 d5 3. Nf3 c6 4. Qc2 Nf6 5. e3 Nbd7 6. Nc3 Bd6 7. cxd5 exd5 8.
Bd3 O-O 9. g4 g6 10. h3 Re8 11. Bd2 Qe7 12. O-O-O Ne4 13. Rdf1 Ndf6 14. Kb1 Bd7
15. Bc1 Nxc3+ 16. bxc3 c5 17. dxc5 Bxc5 18. Nd4 Ne4 19. Bxe4 dxe4 20. Rd1 Rac8
21. Bb2 b5 22. Rd2 a6 23. Rhd1 Be6 24. Nxe6 Qxe6 25. Qb3 Qc4 1/2-1/2

[Event "VII Open"]
[Site "Portomannu ITA"]
[Date "2015.06.06"]
[Round "9"]
[White "Gustafsson, Jan"]
[Black "Brunello, Sabino"]
[Result "1/2-1/2"]
[ECO "D19"]
[WhiteElo "2640"]
[BlackElo "2526"]
[PlyCount "75"]
[EventDate "2015.06.06"]

1. d4 d5 2. c4 c6 3. Nf3 Nf6 4. Nc3 dxc4 5. a4 Bf5 6. e3 e6 7. Bxc4 Nbd7 8. O-O
Bb4 9. Qe2 O-O 10. e4 Bg6 11. Bd3 Bh5 12. e5 Nd5 13. Ne4 h6 14. Ng3 Bxf3 15.
Qxf3 Qh4 16. Ne4 f5 17. exf6 N7xf6 18. g3 Qh3 19. Nxf6+ Rxf6 20. Qe4 Kf7 21.
Qe2 Rd8 22. Be4 Rd7 23. a5 a6 24. Ra4 Bd6 25. Bf3 Qf5 26. Be4 Qh3 27. Rc4 Re7
28. f4 Kg8 29. Bd2 Rf8 30. Rcc1 Nf6 31. Bb1 Qh5 32. Qxh5 Nxh5 33. Rfe1 Nf6 34.
Re2 Nd5 35. Rce1 Rf6 36. Ba2 Kf7 37. Kg2 Ke8 38. Bc4 1/2-1/2

[Event "VII Open"]
[Site "Portomannu ITA"]
[Date "2015.06.06"]
[Round "9"]
[White "Haast, Anne"]
[Black "Grinblat, Artemiy"]
[Result "1-0"]
[ECO "C00"]
[WhiteElo "2373"]
[BlackElo "2191"]
[PlyCount "39"]
[EventDate "2015.06.06"]

1. e4 e6 2. b3 d5 3. Bb2 dxe4 4. Nc3 Nf6 5. g4 h6 6. Bg2 Bc5 7. Nxe4 Nxe4 8.
Bxe4 Bd4 9. c3 Bf6 10. Qf3 c6 11. Ne2 Nd7 12. Ng3 O-O 13. O-O-O Re8 14. Bc2 Nf8
15. d4 Qd5 16. Ne4 Bg5+ 17. Kb1 e5 18. h4 Be7 19. dxe5 Qxe5 20. c4 1-0

[Event "VII Open"]
[Site "Portomannu ITA"]
[Date "2015.06.06"]
[Round "9"]
[White "Hill, Alistair"]
[Black "Friedrich, Norbert"]
[Result "0-1"]
[ECO "B41"]
[WhiteElo "2121"]
[BlackElo "2307"]
[PlyCount "42"]
[EventDate "2015.06.06"]

1. e4 c5 2. Nf3 e6 3. d4 cxd4 4. Nxd4 a6 5. c4 Nf6 6. Nc3 Bb4 7. e5 Ne4 8. Bd2
Bxc3 9. bxc3 O-O 10. Bd3 Nxd2 11. Qxd2 d6 12. Nf3 dxe5 13. Nxe5 Nd7 14. Nxd7
Bxd7 15. O-O Bc6 16. Rfd1 Qa5 17. Qc2 Ba4 18. Bxh7+ Kh8 19. Qe4 Bxd1 20. Rxd1
Qh5 21. Rd3 Rad8 0-1